|
|
|
|
| LEADER |
00000cam a2200000 7i4500 |
| 001 |
0000012725 |
| 005 |
20080507.0 |
| 008 |
071231 |
| 020 |
|
|
|a 983337638X
|
| 090 |
0 |
0 |
|a 398.9992303
|b ABD
|
| 100 |
0 |
|
|a Abdullah Hassan
|
| 245 |
1 |
0 |
|a Kamus peribahasa kontemporari :
|b Edisi kedua
|c Abdullah Hassan, Ainon Muhammad
|
| 260 |
|
|
|a Pahang :
|b PTS Professional Publishing ,
|c 2005
|
| 650 |
|
0 |
|a Proverbs, Malay
|x Dictionary
|
| 700 |
0 |
|
|a Ainon Muhammad
|
| 999 |
|
|
|a 0000909672
|b Book
|c Adult Collection
|e Cawangan Bandar Tenggara
|
| 999 |
|
|
|a 0000936541
|b Book
|c REFERENCE
|e Cawangan Bandar Tenggara
|
| 999 |
|
|
|a 0001012928
|b Book
|c Adult Collection
|e Perbadanan Perpustakaan Awam Johor
|
| 999 |
|
|
|a 0001012929
|b Book
|c Adult Collection
|e Perbadanan Perpustakaan Awam Johor
|